Album d' honneur/ (Record no. 88606)

MARC details
000 -LEADER
campo de control de longitud fija 01908aam a2200517 i 4500
001 - NÚMERO DE CONTROL
campo de control MOR01000088926
003 - IDENTIFICADOR DE NÚMERO DE CONTROL
campo de control $$amxdfmo
005 - FECHA Y HORA DE LA ÚLTIMA TRANSACCIÓN
campo de control 20260331145355.0
007 - CAMPO FIJO DE DESCRIPCIÓN FÍSICA--INFORMACIÓN GENERAL
campo de control de longitud fija ta
008 - DATOS DE LONGITUD FIJA--INFORMACIÓN GENERAL
campo de control de longitud fija 080909r20051919fr c g 001 0 fre d
020 ## - NÚMERO INTERNACIONAL ESTÁNDAR DEL LIBRO
Número Internacional Estándar del Libro 2-908103-39-7
035 ## - NÚMERO DE CONTROL DEL SISTEMA
Número de control de sistema 082004
040 ## - FUENTE DE CATALOGACIÓN
Centro catalogador/agencia de origen mxcmmo
Lengua de catalogación spa
Normas de descripción rda
Centro/agencia transcriptor mxcmmo
041 1# - CÓDIGO DE IDIOMA
Código de lengua del texto/banda sonora o título independiente frespa
043 ## - CÓDIGO DE ÁREA GEOGRÁFICA
Código de área geográfica n-mx---
045 ## - PERIODO DE TIEMPO DEL CONTENIDO
Código de periodo de tiempo x1x1
082 04 - NÚMERO DE LA CLASIFICACIÓN DECIMAL DEWEY
Número de clasificación 327.72044
Número de ítem ALB.d
245 00 - MENCIÓN DEL TÍTULO
Título Album d' honneur/
Mención de responsabilidad, etc. dir. Eduardo Chaix ; edition Silvio Greco Cotti
264 ## - PRODUCCIÓN, PUBLICACIÓN, DISTRIBUCIÓN, FABRICACIÓN Y COPYRIGHT
Nombre del de productor, editor, distribuidor, fabricante Asociación Franco Mexicana, Suiza y Belga de Beneficiencia,
Fecha de producción, publicación, distribución, fabricación o copyright 2005.
264 #1 - PRODUCCIÓN, PUBLICACIÓN, DISTRIBUCIÓN, FABRICACIÓN Y COPYRIGHT
Producción, publicación, distribución, fabricación y copyright París, Francia :
Nombre del de productor, editor, distribuidor, fabricante Sabença de la Valeia, Barcelonnette,
Fecha de producción, publicación, distribución, fabricación o copyright 2005.
300 ## - DESCRIPCIÓN FÍSICA
Extensión 192 páginas:
Otras características físicas retratos;
Dimensiones 24x30 cm
336 ## - TIPO DE CONTENIDO
Término de tipo de contenido texto
Código de tipo de contenido txt
Fuente rdacontent
337 ## - TIPO DE MEDIO
Nombre/término del tipo de medio sin medio
Código del tipo de medio n
Fuente rdamedia
338 ## - TIPO DE SOPORTE
Nombre/término del tipo de soporte volumen
Código del tipo de soporte nc
Fuente rdacarrier
500 ## - NOTA GENERAL
Nota general Incluye índice
534 ## - NOTA SOBRE LA VERSIÓN ORIGINAL
Encabezamiento principal del original Facsím. de:
Publicación, distribución, etc. del original [Barcelonnette : Claude Gouron., 1919]
546 ## - NOTA DE IDIOMA
Nota de lengua/lenguaje Texto en francés y español
650 #7 - PUNTO DE ACCESO ADICIONAL DE MATERIA--TÉRMINO DE MATERIA
Término de materia o nombre geográfico como elemento de entrada Franceses
Subdivisión geográfica México (D.F.)
Subdivisión general Historia
-- Alocuciones, ensayos, conferencias
9 (RLIN) 113933
700 1# - ENTRADA AGREGADA--NOMBRE PERSONAL
Nombre de persona Chaix, Eduardo
9 (RLIN) 152349
700 1# - ENTRADA AGREGADA--NOMBRE PERSONAL
Nombre de persona Greco Cotti, Silvio
Término indicativo de función/relación editor
9 (RLIN) 152350
710 1# - ENTRADA AGREGADA--NOMBRE DE ENTIDAD CORPORATIVA
Nombre de entidad corporativa o nombre de jurisdicción como elemento de entrada Asociación Franco Mexicana, Suiza y Belga de Beneficiencia (México, D.F.)
9 (RLIN) 152351
710 1# - ENTRADA AGREGADA--NOMBRE DE ENTIDAD CORPORATIVA
Nombre de entidad corporativa o nombre de jurisdicción como elemento de entrada Sabença de la Valeia (Barcelonnette)
9 (RLIN) 152352
900 ## - ELEMENTOS DE DATOS A LOCAL, LDA (RLIN)
Nombre de persona BATCH-UPD
Numeración 40
Títulos y otros términos asociados al nombre 20120321
Lenguaje de la obra MOR01
-- 1718
900 ## - ELEMENTOS DE DATOS A LOCAL, LDA (RLIN)
Nombre de persona BATCH-UPD
Numeración Verónica Silva
Títulos y otros términos asociados al nombre 20120323
Lenguaje de la obra MOR01
-- 1753
900 ## - ELEMENTOS DE DATOS A LOCAL, LDA (RLIN)
Nombre de persona BATCH
Numeración 00
Títulos y otros términos asociados al nombre 20120322
Lenguaje de la obra MOR01
-- 1741
900 ## - ELEMENTOS DE DATOS A LOCAL, LDA (RLIN)
Nombre de persona GERMAN
Numeración 30
Títulos y otros términos asociados al nombre 20080801
Lenguaje de la obra MOR01
-- 1417
900 ## - ELEMENTOS DE DATOS A LOCAL, LDA (RLIN)
Nombre de persona GERMAN
Numeración 30
Títulos y otros términos asociados al nombre 20080909
Lenguaje de la obra MOR01
-- 1319
900 ## - ELEMENTOS DE DATOS A LOCAL, LDA (RLIN)
Nombre de persona GERMAN
Numeración 30
Títulos y otros términos asociados al nombre 20080909
Lenguaje de la obra MOR01
-- 1319
900 ## - ELEMENTOS DE DATOS A LOCAL, LDA (RLIN)
Nombre de persona KLAS
Numeración 30
Títulos y otros términos asociados al nombre 20080930
Lenguaje de la obra MOR01
-- 1014
900 ## - ELEMENTOS DE DATOS A LOCAL, LDA (RLIN)
Nombre de persona KLAS
Numeración 30
Títulos y otros términos asociados al nombre 20080930
Lenguaje de la obra MOR01
-- 1016
900 ## - ELEMENTOS DE DATOS A LOCAL, LDA (RLIN)
Nombre de persona KLASY
Numeración 30
Títulos y otros términos asociados al nombre 20191029
Lenguaje de la obra MOR01
-- 1142
900 ## - ELEMENTOS DE DATOS A LOCAL, LDA (RLIN)
Nombre de persona VOBO
Numeración 40
Títulos y otros términos asociados al nombre 20081031
Lenguaje de la obra MOR01
-- 1045
900 ## - ELEMENTOS DE DATOS A LOCAL, LDA (RLIN)
Nombre de persona VOBO
Numeración 40
Títulos y otros términos asociados al nombre 20081031
Lenguaje de la obra MOR01
-- 1047
904 ## - ELEMENTOS DE DATOS D LOCAL, LDD (RLIN)
a UPDATE
942 ## - ELEMENTOS DE ENTRADA SECUNDARIOS (KOHA)
Código de la institución [OBSOLETO] BK
901 ## - ELEMENTOS DE DATOS A LOCAL LDA (RLIN)
a batch batch
Holdings
Estatus retirado Estado de pérdida Fuente del sistema de clasificación o colocación Estado de daño No para préstamo Colección Biblioteca de origen Biblioteca actual Ubicación en estantería Fecha de adquisición Fuente de adquisición Número de inventario Total de préstamos Signatura topográfica completa Código de barras Visto por última vez Precio de reemplazo Tipo de ítem Koha
    Clasificación Decimal Dewey     Formato Grande Biblioteca Instituto Mora Biblioteca Instituto Mora Regular 09/09/2008   114825   (L)/327.72044 ALB.d 33068001211604 03/09/2024 03/09/2024 Libro préstamo regular